01927agaaa2200313 45000010005000000030009000050050017000140070009000310080040000400400023000800410013001031000045001161300023001612400028001842450177002122460021003892500022004102600141004323000034005735080141006075110092007485200511008405380016013515460013013676500059013807000060014397000057014997000057015567133IT-RoPAU20220918181237.0d cvaizq50131s9999||||xx ||| | || ||und|| aIT-RoPAUcIT-RoPAU aITALIANO aLosey JosephgCodice regista SPICS: 4494 aMESSAGGERO D'AMORE aGO-BETWEEN (THE)gT3659 aMESSAGGERO D'AMOREcProdotto da: Heyman J. Johnson D. -- Sceneggiatura: Pinter Harold -- Diretto da: Losey JosephpMESSAGGERO D'AMORE (Rif. Codice opera principale : H7133) aGO-BETWEEN (THE) aEdizione Standard a(UK)bEMI FILMS - ROBERT VELAISE PROD. - JOHN HEY / Distribuzione: AUDIOVISIVI SANPAOLOg"1970 (1° ed.: 2007 ; Ed. Lingua Orig.: 1970)" aDVDbsonoro, col.c100 minuti a"Fotografia: Fisher Gerry; Montaggio: Beck Reginald; Musica: Legrand Michel; Sceneggiatura: Pinter Harold; Scenografia: Dillon Carmen; " a"Christie Julie; Bates Alan; Leighton Margaret; Redgrave Michael; Guard Dominic; Gough" aAGLI INIZI DEL SECOLO, IL TREDICENNE LEO, ORFANO DI PADRE E DI MODESTA CONDIZIONE SOCIALE, VIENE OSPITATO, IN UNA SONTUOSA VILLA DEL NORFOLK, DALLA RICCA FAMIGLIA DEL SUO AMICO MARCUS. RIMASTO AFFASCINATO DALLA BELLA MARIAN - LA SORELLA MAGGIORE DI MARCUS - CHE E' LA SOLA A TRATTARLO CON AFFETTUOSAGENTILEZZA, LEO ACCETTA DI PORTARE, SEGRETAMENTE, LE MISSIVE CHE LA GIOVANE SI SCAMBIA CON L'UOMO DEL QUALE E' INNAMORATA, IL FATTORE TED BURGESS. LARELAZIONE VIENE PERO' SCOPERTA CON TRAGICHE CONSEGUENZE... aPAL, STEREO aITALIANO aDRAMMATICOeDVD-FILM [DVD]xCodice MATERIA SPICS: 9947 aHartley L.P. e(soggetto)gCodice Soggetto SPICS: 58824 aLegrand Michele(musica)gCodice Musica SPICS: 10930 aLosey Joseph e(regista)gCodice regista SPICS: 4494